00474cam a2200181ua 45000010005000000080039000050400009000440820008000531000022000612450047000832500009001302600039001393000016001786530024001946530027002186530020002456530027002653895120221n ii |||gr||||Z||||||asm cMAIN a809 aBaruah, Bireswar,11aSahitya sadhanar abhascby Bireswar Baruah a1st. aGuwahati:bLawyers book stall,993. a77p:c23cm. aAssamese literature aSahitya sadhanar abhas aAsamiya sahitya aSahitya sadhanar abhas